000 00524nam a2200193 a 4500
001 1772199267601
003 YourLibrary
005 20260227190610.0
008 260227s2007##################000#0#eng##
020 _a9788131303603
082 0 4 _a321.8
_bRED
100 1 _aReddy, G. Ramachandhra,
_eauthor.
245 1 0 _aThe Challenges of Governance in Indian Democracy :
260 _bAPH Publishing,
_c2007.
300 _a192 pages
650 0 _aDemocracy.
942 _cENGLISH
040 _aYourLibrary
_beng
_cYourLibrary
999 _c616110
_d616110